| 000 | 00343nam a2200145Ia 4500 | ||
|---|---|---|---|
| 008 | 230917s9999||||xx |||||||||||||| ||und|| | ||
| 040 |
_e247278 _aMAIN |
||
| 041 | _aEnglish | ||
| 082 | _a345.0773 Y11D | ||
| 100 | _aYadav,Kanchan | ||
| 245 | 0 | _aDeath sentence under Indian legal system | |
| 260 | _c2017 | ||
| 300 | _a183 p. | ||
| 942 | _cTH | ||
| 999 |
_c127943 _d127943 |
||